Algo mais que simples palavras (Registo nº 1526)

Detalhes MARC
000 -Etiqueta do registo
Cabeçalho 00665nam0a2200241 4500
005 - Identificador da versão
Campo de controlo 20240813121839.0
010 ## - Número internacional normalizado dos livros (ISBN)
Número (ISBN) 9789725916773
021 ## - Número do Depósito Legal
Código do país PT
Número 239692/06
100 ## - Dados gerais de processamento
Dados gerais de processamento 20150811d2006 m y0pory5003 ba
102 ## - Pais de publicação ou produção
País de publicação Portugal
101 0# - Língua de publicação
Língua do texto, banda sonora, etc. Português
215 ## - Descrição física 
Indicação específica da natureza do documento e extensão da espécie 60, [3] p
200 1# - Titulo e menção de responsabilidade
Título próprio Algo mais que simples palavras
Informação de outro título poesia
Primeira menção de responsabilidade Mónica Azevedo
225 2# - Colecção 
Título próprio da colecção Escrever jovem
Indicação de volume 7
210 ## - Publicação, Distribuição, etc. 
Lugar da edição, distribuição, etc. Lisboa
Nome do editor, distribuidor, etc. Minerva
Data da publicação, distribuição, etc. 2006
606 ## - Nome comum usado como assunto
Número de registo de entrada de autoridade 0002007
Palavra de ordem Literatura portuguesa
Subdivisão de assunto Poesia
Código do sistema CA
675 ## - Classificação Decimal Universal (CDU)
Notação 821.134.3-1
Edição 3ª ed.
Língua da edição por
700 #1 - Nome de autor-pessoa física (responsabilidade principal)
Número de registo de entrada de autoridade 0002407
Palavra de ordem Azevedo
Outra parte do nome não tomada para palavra de ordem Mónica
Datas 1989-
966 ## - Identificação da Biblioteca
Sigla EB2,3ENM
942 ## - Elementos de entrada adicionados (Koha)
Tipo de item no Koha Livro
Exemplares
Situação do levantamento Origin of item (home branch) (coded) Biblioteca de empréstimo Código de barras Cota Data de devolução Circulation type (not for loan) Tipo de documento Nota do exemplar Damaged status
  Biblioteca Escolar Eng. Nuno Mergulhão Biblioteca Escolar Eng. Nuno Mergulhão BENM3672 82LP-1 AZE     Livro Sem mensagem  
  Biblioteca Escolar Eng. Nuno Mergulhão Biblioteca Escolar Eng. Nuno Mergulhão BENM3486 82LP-1 AZE     Livro Sem mensagem